| 000 | 01004nam2a22002411 4500 | ||
|---|---|---|---|
| 001 | rc\622098 | ||
| 005 | 20250621222005.0 | ||
| 035 | _a(NLR Aleph) 005950495 | ||
| 090 |
_a6760282 _c6760282 |
||
| 100 | _a20031121d1986 |||y0rusy50 ca | ||
| 101 | 0 | _arus | |
| 102 | _aRU | ||
| 105 | _ay ||||||||| | ||
| 200 | 0 | _a[Ч. 1. Начало] | |
| 210 |
_d1986 _aБ. м. |
||
| 215 | _a96 с. | ||
| 225 | 1 |
_a... _e№ 14 (1044) |
|
| 461 | 0 |
_1001rc\622097 _12001#$aЯ, Богдан$e(Исповедь во славе)$eРоман$fПер. с укр. И. Карабутенко$v[Ч. 1. Начало] _1700#1$aЗагребельный$bП.А.$gПавел Архипович$f1924- _96760276 _aЗагребельный, П.А. (1924-) _cМ. _d1986 _fПер. с укр. И. Карабутенко _nХудож. лит. _o(Исповедь во славе) : Роман _tЯ, Богдан _v[Ч. 1. Начало] |
|
| 801 | 0 |
_aRU _bNLR _gpsbo |
|
| 801 | 1 |
_aRU _bELAR _2rusmarc |
|
| 852 |
_aNLR _jП35/504 |
||
| 942 | _cBOOK | ||
| 980 | _aNB | ||